Nutrition and feeding of fish

Đã lưu trong:
Sonraí Bibleagrafaíochta
Príomhúdar: Lovell, Tom
Formáid: Leabhar
Teanga:Undetermined
Foilsithe: New York Published by Van Nostrand Reinhold 1988
Ábhair:
Clibeanna: Cuir Clib Leis
Gan Chlibeanna, Bí ar an gcéad duine leis an taifead seo a chlibeáil!
Thư viện lưu trữ: Trung tâm Học liệu Trường Đại học Cần Thơ
LEADER 00504nam a2200193Ia 4500
001 CTU_149981
008 210402s9999 xx 000 0 und d
082 |a 639.3 
082 |b L899 
100 |a Lovell, Tom 
245 0 |a Nutrition and feeding of fish 
245 0 |c Tom Lovell 
260 |a New York 
260 |b Published by Van Nostrand Reinhold 
260 |c 1988 
650 |a Fish 
650 |x Feedings and feeds 
904 |i Năm 
980 |a Trung tâm Học liệu Trường Đại học Cần Thơ